| 000 | 01995nam a2200385 c 4500 | ||
|---|---|---|---|
| 003 | BLK | ||
| 005 | 20250127111418.0 | ||
| 008 | 180412b bul|||||r ||||||| ||bul|| | ||
| 010 | _aKNG00012403000 | ||
| 040 | _aBLK | ||
| 041 |
_aBUL _cBUL |
||
| 080 |
_aБиблиотечно обслужване. Правила за ползуване на библиотеката _b024 _x(035) _z024(035) |
||
| 080 |
_aСъвети към читателя _b028.8 _x(035) _z028.8(035) |
||
| 080 |
_aБиблиография. Каталози. Указатели на литература - Теория, история, организация и състояние на библиографията. Теория и методика на библиографските указатели и библиографските изследвания. Видове _b01 _x(035) _z01(035) |
||
| 100 | 1 |
_aКовачев, Марин Александров _eпърви автор _9363628 |
|
| 139 |
_aКовачев, Марин Александров _bК 72 |
||
| 245 | 1 | 0 |
_aБиблиотека - книга - читател _bРъководство за ученици _cМарин Александров Ковачев. |
| 257 | _aBGR | ||
| 260 |
_аСофия _bНар. просв. _c1986 _fВраца : В. Александров |
||
| 300 |
_a52 с., 4 л. _bил., факс. _c21 см |
||
| 380 | _a0 | ||
| 490 | 1 | _aБиблиотека за ученика | |
| 490 | 1 |
_3Подсерия _aСерия Слово |
|
| 500 | _aСъдържа и Малък терминол. речник | ||
| 650 | 4 |
_aБиблиотеки - ползване _9255953 |
|
| 650 | 4 |
_aБиблиография _9255954 |
|
| 653 | _aбиблиотеки | ||
| 653 | _aбиблиотечно дело | ||
| 653 | _aработа с читатели | ||
| 852 | _aЦб 144289 | ||
| 856 | 4 |
_qpdf _u |
|
| 856 | 4 |
_qpdf _u |
|
| 942 |
_cKNG _n0 _02 |
||
| 944 |
_aED _c17.06.2010 _k30576 _lЦветомила Тодорова |
||
| 999 |
_c10889 _d10889 |
||